00536nam a22001697a 450000500170000001000150001702000260003203500130005803700130007108200160008410000190010024500620011926000420018127000720022330000210029550000500031620140905110223.0 aENG-110749 a9788183875639c595.00 aEN-94281 bDBAD/PUB a303.3720954 aMuzafer Assadi aSocial justice, law and human rights /cby Muzafer Assadi aNew DelhibSerials Publicationsc2012 a4830/24, Prahlad Street, Ansari Road, Darya GanjbNew Delhie110002 a152p. c24cm(Hb) aIncludes bibliographical references and index